[Event "Bottom-Half Class U1500"]
[Site "Ann Arbor, MI"]
[Date "2000.07.02"]
[Round "1"]
[White "Serwatowski, Felix"]
[Black "Seitzer, Phillip"]
[Result "0-1"]
[WhiteElo "1346"]
[BlackElo "1426"]
[Annotator "Bob Ciaffone"]
[PlyCount "40"]
[EventDate "2000.07.02"]

1. c4 e5 2. Nc3 Nf6 3. g3 Nc6 4. Bg2 Bc5 5. e3 O-O 6. Nge2 Re8 7. d3 d6 8. O-O
a6 9. d4 {If white wanted to go for d4, he should not have played 7.d3 and
done a two-step.} exd4 10. exd4 Ba7 11. Bg5 Bf5 {Black should break the pin
immediately with 11...h6 so his kingside does not get busted up.} 12. d5 $2 {
The turning point in the game. White should have intensified his attack on the
pinned Nf6 with 13.Nd5 followed by a capture on f6 rupturing the enemy pawn
structure. Instead, he chases a piece to a place it is eager to go. Also, the
long diagonal is now open for black's bishop to hit the pawn f2.} Ne5 13. Bxf6
$2 {Not content with merely activating the enemy minors against his king,
white invites the queen to join the hunting party. This is more than his
position can stand, as black nicely demonstrates.} Qxf6 14. b3 {White's
position is now hopeless.} Bg4 $1 {This move gives white terminal problems.}
15. Ne4 {White threatens to take the enemy queen with check, but black has a
deadly check of his own to deliver first.} Nf3+ 16. Kh1 Rxe4 17. Qd3 Rxe2 {A
killer exchange sacrifice.} 18. Qxe2 Nxh2 19. Qe1 Qh6 20. Qc1 Qh5 0-1

[Event "Bottom-Half Class U1900"]
[Site "Ann Arbor, MI"]
[Date "2000.07.02"]
[Round "1"]
[White "Jones, Gary"]
[Black "Skidmore, Jennifer"]
[Result "0-1"]
[WhiteElo "1760"]
[BlackElo "1867"]
[Annotator "Bob Ciaffone"]
[PlyCount "120"]
[EventDate "2000.07.02"]

1. e4 e5 2. f4 {This old romantic opening still gets occasional outings in
modern grandmaster chess.} exf4 3. Nf3 g5 {This black move leads to the
Kieseritsky Gambit, black's most direct try at refutation and the most popular
system for black today.} 4. h4 g4 5. Ne5 {This is the main line of the
Kieseritsky.} h5 {The Long Whip Variation, regarded as dubious for the second
player. Best is considered to be the Berlin Defense 5...Nf6.} 6. Bc4 Nh6 7. d4
Be7 $2 {Not a novelty, but a revival. An opponent of Greco played this lemon
in 1801, and lost. Black needed to drive the knight back with 7...d6.} 8. Bxf4
d6 {This should have been too late.} 9. Nd3 $2 (9. Bxh6 $1 dxe5 10. Bg7 Rg8 11.
Bxe5 Nc6 12. Bb5 Bd7 13. Bxc6 Bxc6 14. d5 $16) 9... Nc6 10. c3 Na5 {A good
move, to get rid of the strong white bishop.} 11. Qa4+ c6 12. Rf1 {White wants
to hit f7, but finishing development with 12.Nd2 and castling queenside was
better.} b5 $1 (12... Nxc4 13. Qxc4 Be6 14. d5 cxd5 15. exd5 Bf5 16. Bxh6 (16.
Nd2 Qd7 17. Qd4 Rh7 18. g3 $16 O-O-O 19. O-O-O Kb8 $14) 16... Bxd3 17. Qxd3
Rxh6 18. g3 Qd7 19. Nd2 Bf8 20. O-O-O O-O-O $16) 13. Bxb5 Bd7 $1 (13... cxb5 $6
14. Qxb5+ Bd7 15. Qxh5 Bf8 16. Bg5 $1 (16. Bxh6 $2 Be6 17. d5 Rxh6) 16... Qc7
17. Bxh6 Bc6 18. Rf6 Bxe4 (18... Nc4 19. d5 Bb5 20. Qg5 Be7 21. Qg7 O-O-O 22.
Rxf7 Bxh4+ 23. Kd1 Bd7 24. Bf4 Rdg8 25. Qd4 Bd8 26. Nd2 $18) 19. Nf2 Bxg2 20.
Nxg4 Bh3 (20... Nc4 21. Qb5+ Kd8 22. Bg5) 21. Nf2 Bc8 22. Qe2+ Qe7 23. Bg5 Ba6
24. Qxe7+ Bxe7 25. Rf5 Nc4 26. b3 Nb6 27. Nd2 $18) 14. Bc4 Bxh4+ 15. g3 Bg5 {
Black by the temporary sacrifice of a pawn sidetracks white pieces from f7 and
completes her development.} 16. Bxd6 h4 17. Nc5 f5 18. Qb4 Rh7 19. Na6 Be7 20.
e5 hxg3 21. Nd2 g2 22. Rg1 f4 23. O-O-O {White finally gets developed, but
black's kingside pawns are poised to create a new queen.} f3 24. Ne4 Bg5+ 25.
Nxg5 Qxg5+ 26. Kb1 Bf5+ 27. Ka1 Nxc4 28. Qxc4 Rc8 29. e6 Be4 30. d5 Bxd5 31.
Qc5 g3 32. c4 f2 {Here come the little princesses.} 33. cxd5 f1=Q 34. Rdxf1
gxf1=Q+ 35. Rxf1 Nf5 36. dxc6 $2 {This move falls short of the mark. A better
try was 36.Nc7+ Rxc7 37.Bxc7 Rxc7 38.d6} (36. Nc7+ $1 Rcxc7 37. Bxc7 Rxc7 38.
d6 g2 39. Rg1 Rh7 40. Qxc6+ Kf8 41. e7+ Nxe7 42. Qa8+ Kf7 43. Qxa7) 36... g2
37. Rg1 {At the cost of an exchange white has gotten rid of two black pawns,
but the one little girl left on the kingside still has ambitions of getting
crowned.} Rh1 38. Nc7+ Rxc7 39. Bxc7 Qe3 40. Qxe3 Nxe3 {Now an endgame arises
where black has a winning advantage, as the black king attacks the advanced
pawns, but the white king is under a back-rank mate threat. I see no routes
the game could have taken from here other than what actually ocurred.} 41. Bh2
Nd5 42. b4 Rxh2 43. Kb2 Ke7 44. Kb3 Kxe6 45. b5 Kd6 46. Ka4 Rh4+ 47. Ka5 Rg4
48. Ka6 Ra4+ 49. Kb7 Rxa2 50. Kb8 Kc5 51. c7 Nxc7 52. Kxc7 Kxb5 53. Kd6 a5 54.
Kd5 Kb4 55. Kd4 Kb3 56. Kd3 Rb2 57. Rc1 a4 58. Ra1 a3 59. Rg1 a2 60. Ke3 Rb1
0-1

[Event "Bottom-Half Class Top Section"]
[Site "Ann Arbor, MI"]
[Date "2000.07.02"]
[Round "2"]
[White "Hahn, David"]
[Black "Ward, Tom"]
[Result "1-0"]
[WhiteElo "2178"]
[BlackElo "2215"]
[Annotator "Bob Ciaffone"]
[PlyCount "75"]
[EventDate "2000.07.02"]

1. Nf3 Nf6 2. g3 d5 3. Bg2 Bg4 4. b3 Nbd7 5. Bb2 e6 6. O-O Be7 7. c4 O-O 8. d3
c6 9. Nbd2 Re8 {White has played the opening without ambition and black is
fully equal.} 10. a3 a5 11. Ra2 {The proverbial "mysterious rook move."} Bd6
12. d4 e5 13. cxd5 cxd5 14. dxe5 Nxe5 15. Nxe5 Bxe5 16. Bxe5 Rxe5 17. Nf3 Re7 {
Black has an isolated queenpawn and white has hopes of exploiting it. Since
the pawn is securely blockaded white now has an advantage.} 18. Qd3 Rc8 19. h3
Bh5 20. Nh4 Rec7 21. Rd1 Rc3 22. Qd4 Bg6 $2 {22...Rxb3 was necessary to avoid
loss of a pawn.} 23. Nxg6 hxg6 24. Bxd5 Nxd5 25. Qxd5 Qb6 (25... Qxd5 26. Rxd5
b6 27. Rb5 Rc2 28. Rxc2 Rxc2 29. Kf1 Rc1+ 30. Kg2 Rc6 $16) 26. Rd3 Rc1+ 27. Kg2
Rb1 28. Rad2 Rcc1 29. Qd8+ Qxd8 30. Rxd8+ Kh7 31. Rf8 Rg1+ $2 (31... Rc7 32.
Rd3 g5 $16) 32. Kf3 Rxb3+ 33. e3 Rxa3 34. Rxf7 b5 35. Rdd7 b4 36. h4 b3 37.
Rxg7+ Kh8 38. Rge7 {The back rank mate cannot be stopped.} 1-0

[Event "Bottom-Half Class U1700"]
[Site "Ann Arbor, MI"]
[Date "2000.07.02"]
[Round "1"]
[White "Davidovich, Manis"]
[Black "Foord, Allan"]
[Result "1-0"]
[WhiteElo "1587"]
[BlackElo "1500"]
[Annotator "Bob Ciaffone"]
[PlyCount "49"]
[EventDate "2000.07.02"]

1. e4 c5 2. c3 Nc6 {Poor strategy, since white is ready for d4 and this knight
placement simply intensifies the effect.} 3. d4 cxd4 4. cxd4 e6 5. Nf3 Bb4+ 6.
Nc3 Nf6 7. Bd3 d6 8. O-O O-O 9. a3 Ba5 10. e5 dxe5 11. dxe5 Bxc3 12. bxc3 Nd5
13. Bxh7+ Kh8 (13... Kxh7 14. Ng5+ Kg6 (14... Kg8 15. Qh5 $18) 15. Qg4 f5 (
15... Nxe5 16. Qg3) 16. Qg3 f4 17. Bxf4 Nxf4 18. Nxe6+ Kf5 19. Nxg7+ Kxe5 20.
Rfe1+ Kd6 21. Rad1+ Kc7 22. Rxd8 Kxd8 23. Nh5 Nxh5 24. Qd6+ Bd7 25. Qxf8+ Kc7
26. Qxa8 $18) 14. Ng5 {White fishes in troubled waters. He would have a clear
advantage by simply playing 14.Qb2.} (14. Bb1 $6 Nxc3) 14... g6 15. Qg4 {A
committal move that gives up the e-pawn, but guarding it with 15.Re1 allows a
knight to arrive on e7 protecting g6.} Nxe5 16. Qh4 Kg7 17. Bxg6 Rh8 (17...
Nxg6 18. Qh7+ Kf6 19. Ne4+ Ke7 20. Bg5+) 18. Qd4 Kxg6 $2 {The decisive error.}
(18... Qf6 $1 19. Bc2 $1 (19. Ne4 $2 Nf3+ 20. gxf3 Qxd4 21. cxd4 Kxg6 $11)
19... Kg8 20. Re1 (20. Ne4 $2 Qh4 21. h3 Nf3+ 22. gxf3 Qxh3 23. Qxh8+ Kxh8 $17)
20... Nc6 21. Qxf6 Nxf6 22. Rb1 $16) 19. Qxe5 Qf6 20. Qg3 Qf5 (20... Qxc3 21.
Nf3+) 21. Nxe6+ Kf6 22. Bg5+ Kxe6 23. Rfe1+ Kd7 24. Rad1 Kc6 25. Re5 1-0

[Event "Bottom-Half Class Top Section"]
[Site "Ann Arbor, MI"]
[Date "2000.07.03"]
[Round "3"]
[White "Ward, Tom"]
[Black "O'Donnell, Robert"]
[Result "1-0"]
[WhiteElo "2215"]
[BlackElo "2178"]
[Annotator "Bob Ciaffone"]
[PlyCount "43"]
[EventDate "2000.07.02"]

1. e4 c5 2. Nf3 d6 3. d4 cxd4 4. Nxd4 Nf6 5. Nc3 Nc6 {This popular black
defensive system went without a name until recently (the name was given
depending on white's next move). British writer and player John Nunn started
calling it "The Classical System," and that appellation has stuck.} 6. Bc4 {
This bishop move characterizes the Sozin Attack, popularized in the sixties
and seventies by Bobby Fischer.} e6 7. Be3 Be7 8. Qe2 a6 9. O-O-O Qc7 10. Bb3
O-O 11. Rhg1 Na5 12. g4 b5 {Play has progressed to a position well-known to
opening theory. Chances are considered equal, but play is razor sharp.} 13. g5
Nxb3+ 14. axb3 Nd7 15. Nf5 {This piece sacrifice is not considered best. White
should prefer 15.Qh5, according to Vladimir Akopian's excellent monograph on
this opening. (We may recall that last year in Las Vegas Akopian was runner-up
to Khalifman in the "Phony World Championship.")} Nc5 {Taking the knight
looked dangerous, but the offer should have been accepted. Akopian gives 15.
Nf5 exf5 16.Nd5 Qd8 17.exf5 Re8 with complicated play where black's chances
seem preferable.} (15... exf5 16. Nd5 Qd8 17. exf5 Re8 18. f6 Bf8 19. fxg7 Bxg7
20. Qh5 Bb7 21. Bb6 Nxb6 22. Nf6+ Kf8 23. Nxh7+ Ke7 24. Nf6 Bxf6 25. gxf6+ Kd7
26. Qxf7+ Kc6 {A sample line. White had fun, but black has weathered the storm
and is two pieces ahead; analysis by Akopian.}) 16. Bd4 b4 {Black intends to
drive off the Nc3 from preparing to jump to d5, and then take the Nf5.} 17.
Nxg7 $1 {Ward is too busy assulting the enemy king's position to move the Nc3.}
bxc3 18. Nh5 e5 {The powerful black-squared bishop must be eliminated.} 19.
Bxc5 Qxc5 20. Nf6+ {Black is lost whether he takes the knight or not.} Bxf6 21.
gxf6+ Kh8 22. Rg7 {Black resigned, as he has no defense against the idea of
Rxh7, Qh5, and Rg1, forcing mate.} 1-0

[Event "Bottom-Half Class U1900"]
[Site "Ann Arbor, MI"]
[Date "2000.07.03"]
[Round "3"]
[White "Vandivier, Don"]
[Black "Williams, Ken"]
[Result "0-1"]
[WhiteElo "1816"]
[BlackElo "1823"]
[Annotator "Bob Ciaffone"]
[PlyCount "50"]
[EventDate "2000.07.02"]

1. e4 c5 2. Nf3 Nc6 3. d4 cxd4 4. Nxd4 g6 {This move is the signature of the
Accelerated Dragon. Black starts his fianchetto without prefacing it by Nf6 to
induce Nc3.} 5. c4 {The black move-order gives white the chance to play c4
before developing his queen-knight. This white pawn formation of c4 and e4 is
known as the Maroczy Bind, and arises in several opening systems. I like to
aim for it from an English Opening move-order.} Nf6 6. Nc3 d6 7. Be2 Nxd4 {
Exchanging on d4 is the Gurgenidze System, considered black's best line.} 8.
Qxd4 Bg7 9. Bg5 O-O 10. Qd2 {A well-known position to theory.} Bd7 $5 {The
normal move here is 10...Be6, a line IM Ben Finegold has played on several
occasions.} 11. Bh6 {An aggressive interpretation of the position by the new
Michigan Chess Editor. Normal is to play quietly with a space advantage.} a6
12. h4 b5 13. Bxg7 Kxg7 14. h5 Rc8 15. cxb5 {This pawn-grab is inconsistent
with a kingside attack.} (15. hxg6 fxg6 16. Qh6+ Kg8 17. Nd5 Rf7 18. Nxf6+ exf6
19. b3 $13) 15... axb5 16. hxg6 fxg6 17. Bxb5 Rxc3 $1 {A nice shot.} 18. Bxd7 {
Forced, since taking the rook leaves black with two minors for the rook.} Rc4
19. Bb5 Rxe4+ {The point; black recovers the pawn with a dominating position.}
20. Kf1 Re5 21. Bc4 {A tactical error that loses a piece, but white was toast
anyway.} Ng4 22. f4 Ne3+ 23. Kg1 Rxf4 24. Rh3 Qb6 25. Rxe3 Rxe3 0-1

[Event "Bottom-Half Class U1900"]
[Site "Ann Arbor, MI"]
[Date "2000.07.03"]
[Round "4"]
[White "Jaworowski, Andre"]
[Black "Ho, Randy"]
[Result "0-1"]
[WhiteElo "1700"]
[BlackElo "1795"]
[Annotator "Bob Ciaffone"]
[PlyCount "88"]
[EventDate "2000.07.02"]

1. d4 d6 2. Nf3 Bg4 3. e4 {I play 3.c4 in this position, but entering the Pirc
with 3.e4 as played is equally good.} Nf6 4. Bd3 e6 5. Bg5 {This looks
premature; castling followed by Re1 is more natural.} Be7 6. Nbd2 h6 7. Bh4
Nbd7 8. c3 O-O 9. h3 Bh5 10. g4 Bg6 11. Qc2 e5 12. O-O-O {A sharp game with
castling on opposite wings has arisen. White has already started his assult,
so it looks like he has the somewhat better chances.} a6 13. Rdg1 b5 14. a3 {
This move has an ugly look to it, sort of like leading with your chin at
boxing. If white wanted to safeguard his queenside, 14.Kb1 was the preferable
way.} c5 15. Bxf6 {Giving up the bishop-pair was certainly not forced.} Bxf6
16. h4 h5 17. gxh5 Bxh5 {White has opened some lines against the black king,
but those bishops hold the key squares very well.} 18. d5 b4 19. axb4 cxb4 20.
c4 Nc5 {Now it is black's turn to pursue the attack, and it looks mighty hard
to stop.} 21. b3 a5 22. Be2 a4 23. bxa4 Nxa4 24. Nb1 Nc5 25. Ng5 Bg6 26. Ne6
Qa5 $1 {Black has one piece not participating in the attack, the Rf8, so he
sacrifices it.} 27. Nxc5 {White decides the c5 monster horse is a more
desirable piece to get rid of than the slumbering Rf8, a decision that looks
prudent to me.} Qxc5 28. h5 Bh7 29. h6 g5 $1 {Black does not want to bury his
white-squared bishop with g6.} 30. Qd2 {White gives up the e4 pawn to get some
play, but it becomes apparent that opening the game for black's bishops was
not any better than sitting back and slowly getting crushed.} Bxe4 31. Rxg5+
Kh8 {Of course, taking the rook would have gotten black mated.} 32. f3 Bh7 33.
Rg7 {White again gives black the chance to take his rook with a bishop.} e4 {
"No thanks; I have big plans for my dark-squared bishop."} 34. Qf4 Qd4 35.
Rxh7+ Kxh7 {white sacrifices the exchange to break the attack, but in the
process so many files are opened that the black rooks enter his position with
toxic effect.} 36. Qxe4+ Qxe4 37. fxe4 Ra2 38. Bd3 Be5 39. Bc2 Rg8 40. Nd2 Rg2
{Doubled bulls on the seventh rank spell the end for white.} 41. Rd1 Kxh6 42.
Rh1+ Kg7 43. Rd1 b3 44. Bxb3 Raxd2 {Black showed excellent judgment throughout
the game concerning when to keep the bishops and when to prefer the rooks.} 0-1

[Event "Bottom-Half Class Top Section"]
[Site "Ann Arbor, MI"]
[Date "2000.07.03"]
[Round "4"]
[White "Hahn, David"]
[Black "Ciaffone, Bob"]
[Result "1/2-1/2"]
[WhiteElo "2178"]
[BlackElo "2213"]
[Annotator "Bob Ciaffone"]
[PlyCount "76"]
[EventDate "2000.07.02"]

1. Nf3 d5 2. b3 {Of course a playable move, but for the setup white has in
mind, I think he should play 2.c4 to induce the reply 2...e6, and only then
play 3.b3 followed by 4.g3.} Nf6 3. g3 e6 {An insructive mistake. Black makes
a routine solid move, failing to optimize on the situation offered by his
opponent's restrained opening play. The black d-pawn was not under attack, so
this move should have been omitted in favor of 3...c5 followed by Nc6. That
way black after playing d4 at some point would have the option of supporting
his advanced pawn by the move e5 without the loss of time entailed by the
e-pawn doing a twostep.} 4. Bg2 Be7 5. c4 c5 6. O-O Nc6 7. e3 d4 8. exd4 cxd4
9. Re1 {White should play 9.Bb2 to stop the Nf6 from going to d7. Black should
answer 9.Rd1 with 9...Nd7 so the knight can go to the active square c5.} O-O (
9... Nd7 $1 10. d3 e5) 10. d3 {GM Mednis says 10.Bb2 is more testing because
then black cannot play Nfd7 because it would drop the d4 pawn. He probably is
right.} Ne8 $6 {Black can and should play 10...Ngd7. If white continues as in
the game by striving for b5, play would likely continue 11.Na3 e5 12.Nc2 f6 13.
a3 a5 14.Rb1 Nc5 15.b4 axb4 16.axb4 Na5 17.Bd2. In the only game in my
databases that reached this position, the 1988 encounter Szmetan-Grynszpan,
black now erred by 17...Nc3 18.Bxc3 dxc3, which gave him a weak pawn and shaky
game, though he managed an uphill draw. I think 17...Bf5 18.Qe2 Re8 was the
logical continuation and offered black full equality.} 11. Na3 $1 {White
institutes the clear strategic plan of going for b4.} f6 12. Nc2 a5 13. a3 Nc7
14. Bd2 e5 15. b4 axb4 16. axb4 Rxa1 17. Qxa1 b5 {Since black cannot prevent
b4, he tries to defang it by blocking the queenside.} 18. cxb5 Nxb5 19. Ng5 $1
{White takes advantage of the flaw in black's position, the unprotected Nc6.}
fxg5 {Forced, as white was threatening to check and then play Nf7 winning an
exchange.} 20. Bxc6 Qb6 21. Bd5+ $6 {Instead of pigging a pawn, white should
have centralized his queen with 21. Qd5!, when black is sorely pressed to hold.
} Kh8 22. Rxe5 {So white is up a pawn, and a passer on the queenside at that.
But to understand the position properly, you must look carefully what happens
to white's advanced pieces. They must return to camp, whereas black's army
takes up strong positions.} Bf6 23. Re1 Nc3 24. Bg2 Ba6 {The repositioning of
the opposing armies is over, and we see that except for the rook, all black's
pieces are more actively posted than their counterparts. This activity is
probably enough for him to hold the position despite being a pawn minus.} 25.
Qa5 $1 {White takes his best shot at winning. Defending the pawn by 25.Bf1
leads to a draw by repetition. Black replies 25... Qc6 and white must return
by 26.Bg2 to prevent black from setting up a lethal queen-and-bishop battery
on the long diagonal.} Qb5 $1 {Black could win a pawn by trading queens, but
this would be a serious error, as then white's passer would become mobile.} 26.
Qxb5 {If white tries to hold the d-pawn by Bf1, then black plays Qc6, and
white must repeat the position with Bg2. otherwise, black will set up a mating
battery on the long diagonal by Bb7, and white would have to drop an exchange
by Re4 to save his king.} Bxb5 27. Bf1 Ra8 28. Bc1 {Compare the respective
pieces now; black's are so superior he is a little better despite the pawn
minus.} Bd7 29. Na3 Kg8 30. Nc4 Rb8 31. Ne5 Bf5 32. Ba3 Ra8 33. Nc4 Nb5 34. Ra1
Be7 35. Bb2 Rxa1 36. Bxa1 Bxb4 {Now black is the one spurning the draw, but in
a few moves he realizes that he really does not have anything, and agrees to
split the point.} 37. Bb2 Bc3 38. Bc1 h6 {This game shows the good side of the
eventual tournament winner Dave Hahn; the ability to take an innocuous-looking
opening and methodically get an advantage by accurate positional play. It also
shows how piece activity can offset a pawn plus even without some kind of big
attack to go with it.} 1/2-1/2

[Event "Bottom-Half Class U2100"]
[Site "Ann Arbor, MI"]
[Date "2000.07.03"]
[Round "4"]
[White "Dowling, John"]
[Black "Randall, Paul"]
[Result "1-0"]
[WhiteElo "2085"]
[BlackElo "1919"]
[Annotator "Bob Ciaffone"]
[PlyCount "67"]
[EventDate "2000.07.02"]

1. e4 e6 2. d4 d5 3. e5 c5 4. c3 Nc6 5. Be3 Nh6 {A logical move, because the
bishop has moved already, so will not be taking on h6. But I would prefer 5...
Qb6 6.Qd2 Bd7 followed by Rc8.} 6. Nf3 Nf5 7. Bd3 cxd4 8. cxd4 Nxe3 9. fxe3 Be7
{Black has the bishop-pair, but right now they have no scope.} 10. O-O Nb4 {I
would prefer 10...Bd7, completing development of the minor pieces.} 11. Be2 O-O
12. Nc3 Bd7 13. a3 Nc6 14. Rc1 f6 15. exf6 Bxf6 16. Bd3 Be8 17. Bb1 Bh5 18. Qd2
Na5 19. Qc2 Bg6 20. Qe2 Bh5 21. Ba2 Rc8 22. Nb1 $6 {This loses a pawn, as
black demonstrates.} Rxc1 23. Rxc1 Bxf3 24. gxf3 Bxd4 {Black's combo is based
on the fact that 25.Bxd4? loses to 25... Qg5+ followed by taking the Rc1 with
the queen.} 25. Kh1 Bb6 26. e4 {Now it is white's turn to apply pressure,
opening the diagonal for his bishop against the black king.} Qg5 $2 {Black
should have gotten his king off the dangerous diagonal by 26...Kh8.} (26... Kh8
27. exd5 exd5 28. Nc3 d4 29. Ne4 Nc6 $17) 27. Rd1 Nc6 28. exd5 Nd4 29. dxe6 $1
{A queen sacrifice that cannot be accepted, as after 29...Nxe2 the discovered
check 30.e7 leads to mate.} Qe7 30. Qe4 Rxf3 31. Rxd4 Rf1+ 32. Kg2 Bxd4 33.
Kxf1 Qf6+ 34. Ke2 {Black will soon run out of checks. Note that the black king
is still precariously located on the diagonal of the white bishop, so as soon
as the blockade of white's e-pawn is released, black dies.} 1-0